| 000 -CABECERA |
| Longitud fija campo de control |
00609nam a2200205 a 4500 |
| 001 - NÚMERO DE CONTROL |
| Número de control |
774 |
| 003 - IDENTIFICADOR DEL NÚMERO DE CONTROL |
| Identificador del número de control |
CDMR |
| 005 - FECHA Y HORA DE LA ÚLTIMA TRANSACCIÓN |
| Fecha y hora de la última transacción |
20131021105702.0 |
| 008 - CÓDIGOS DE INFORMACIÓN DE LONGITUD FIJA |
| Códigos de información de longitud fija |
130130s1983||||||||||||||||||||||||||||d |
| 020 ## - NÚMERO INTERNACIONAL NORMALIZADO PARA LIBROS |
| Número Internacional Normalizado para Libros (ISBN) |
8431308249 |
| 040 ## - FUENTE DE LA CATALOGACIÓN |
| Centro catalogador de origen |
CDMR |
| Lengua de catalogación |
cat |
| Centro transcriptor |
CDMR |
| 100 1# - PUNTO DE ACCESO PRINCIPAL-NOMBRE DE PERSONA |
| Nombre de persona |
García, Mario R. |
| 9 (RLIN) |
603 |
| 245 10 - MENCIÓN DE TÍTULO |
| Título |
Diseño y remodelación de periódicos |
| Mención de responsabilidad, etc. |
Mario R. García |
| 246 ## - VARIANTES DE TÍTULO |
| Título propio / Título en breve |
Contemporary newspaper design |
| Resto de título |
: a structural approach |
| 260 ## - PUBLICACIÓN, DISTRIBUCIÓN, ETC. (PIE DE IMPRENTA) |
| Lugar de publicación, distribución, etc. |
Pamplona |
| Fecha de publicación, distribución, etc. |
DL 1983 |
| Nombre del editor, distribuidor, etc. |
EUNSA |
| 300 ## - DESCRIPCIÓN FÍSICA |
| Extensión |
302 p. |
| Otras características físicas |
il. b/n |
| Dimensiones |
29 cm |
| 650 04 - PUNTO DE ACCESO ADICIONAL DE MATERIA - TÉRMINO DE MATERIA |
| 9 (RLIN) |
1840 |
| Término de materia o nombre geográfico como elemento inicial |
Diaris |
| Subdivisión de materia general |
Disseny |
| 650 04 - PUNTO DE ACCESO ADICIONAL DE MATERIA - TÉRMINO DE MATERIA |
| 9 (RLIN) |
3098 |
| Término de materia o nombre geográfico como elemento inicial |
Diaris |
| Subdivisión de materia general |
Compaginació i composició |
| 942 ## - ENTRADA DE ELEMENTOS AGREGADOS (KOHA) |
| Koha [por defecto] tipo de item |
Monografies |
| Fuente de clasificaión o esquema |
|